The noble scholar, jurist, historian


 His Excellency Dr. Abdul Wahhab bin Ibrahim Abu Sulaiman, may Allah have mercy on him.


 He was born in Umm Al-Qura in the year 1356 AH.

الفوائد الجلية بشرح التحفة السنية في أحوال الورثة الأربعينية / (Record no. 14030)

MARC details
000 -LEADER
fixed length control field 01555cam a22002891i 4500
003 - CONTROL NUMBER IDENTIFIER
control field SA-RiAUC
005 - DATE AND TIME OF LATEST TRANSACTION
control field 20260113133827.0
008 - FIXED-LENGTH DATA ELEMENTS--GENERAL INFORMATION
fixed length control field 260104s1930____ii g 00010 ara c
040 ## - CATALOGING SOURCE
Original cataloging agency SA-RiKAPL
Language of cataloging ara
Transcribing agency SA-RiAUC
Description conventions rda
082 04 - DEWEY DECIMAL CLASSIFICATION NUMBER
Classification number 253.901
090 ## - LOCALLY ASSIGNED LC-TYPE CALL NUMBER (OCLC); LOCAL CALL NUMBER (RLIN)
Classification number (OCLC) (R) ; Classification number, CALL (RLIN) (NR) م ن 253.901
Local cutter number (OCLC) ; Book number/undivided call number, CALL (RLIN) ك و هـ
100 1# - MAIN ENTRY--PERSONAL NAME
Personal name الكوهجي، عبد الله بن حسن الحسن،
Dates associated with a name 1921-1989
Relator term مؤلف.
245 12 - TITLE STATEMENT
Title الفوائد الجلية بشرح التحفة السنية في أحوال الورثة الأربعينية /
Statement of responsibility, etc. تأليف عبد الله بن حسن الكوهجي.
246 30 - VARYING FORM OF TITLE
Title proper/short title شرح التحفة السنية في أحوال الورثة الأربعينية
264 #1 - PRODUCTION, PUBLICATION, DISTRIBUTION, MANUFACTURE, AND COPYRIGHT NOTICE
Place of production, publication, distribution, manufacture [مكان النشر غير محدد] :
Name of producer, publisher, distributor, manufacturer [الناشر غير محدد]،
Date of production, publication, distribution, manufacture, or copyright notice [1930]
264 #3 - PRODUCTION, PUBLICATION, DISTRIBUTION, MANUFACTURE, AND COPYRIGHT NOTICE
Place of production, publication, distribution, manufacture بومباي، الهند :
Name of producer, publisher, distributor, manufacturer المطبعة الحجازية
300 ## - PHYSICAL DESCRIPTION
Extent 58 صفحة ؛
Dimensions 20 سم
336 ## - CONTENT TYPE
Content type term نص
Content type code txt
Source rdacontent
Materials specified كتاب
337 ## - MEDIA TYPE
Media type term بدون وسيط
Media type code n
Source rdamedia
338 ## - CARRIER TYPE
Carrier type term مجلد
Carrier type code nc
Source rdacarrier
650 #7 - SUBJECT ADDED ENTRY--TOPICAL TERM
Topical term or geographic name entry element المواريث (فقه إسلامي)
Source of heading or term aucsh
700 12 - ADDED ENTRY--PERSONAL NAME
Personal name المشاط، حسن بن محمد،
Dates associated with a name 1319-1399 هجري
Title of a work التحفة السنية في أحوال الورثة الأربعينية في علم الفرائض.
740 22 - ADDED ENTRY--UNCONTROLLED RELATED/ANALYTICAL TITLE
Uncontrolled related/analytical title التحفة السنية في أحوال الورثة الأربعينية في علم الفرائض.
856 ## - ELECTRONIC LOCATION AND ACCESS
Uniform Resource Identifier <a href="https://Dsdelta.aruc.org/xmlui/bitstream/handle/123456789/1624/8443.pdf">https://Dsdelta.aruc.org/xmlui/bitstream/handle/123456789/1624/8443.pdf</a>
Link text Digital Copy
942 ## - ADDED ENTRY ELEMENTS (KOHA)
Source of classification or shelving scheme Dewey Decimal Classification
Koha item type كتاب مصور نادر
Suppress in OPAC No
949 ## - LOCAL PROCESSING INFORMATION (OCLC)
a SA-JeALM
d 260104
u mohamedma123
n 1
Holdings
Withdrawn status Lost status Source of classification or shelving scheme Damaged status Not for loan Home library Current library Date acquired Total checkouts Full call number Barcode Date last seen Price effective from Koha item type
    Dewey Decimal Classification     DR AbdElwahab Library DR AbdElwahab Library 01/13/2026   م ن 253.901 ك و هـ 000022448 01/13/2026 01/13/2026 كتاب مصور نادر
    Dewey Decimal Classification     DR AbdElwahab Library DR AbdElwahab Library 01/13/2026   م ن 253.901 ك و هـ 000022449 01/13/2026 01/13/2026 كتاب مصور نادر
    Dewey Decimal Classification     DR AbdElwahab Library DR AbdElwahab Library 03/07/2026   م ن 253.901 ك و هـ 000022968 03/07/2026 03/07/2026 كتاب مصور نادر